| 000 | 00478nam a22001457a 4500 | ||
|---|---|---|---|
| 008 | 140903b xxu||||| |||| 00| 0 eng d | ||
| 020 | _a0406090181 | ||
| 050 |
_aKD275.4. _bL39 |
||
| 245 |
_aThe Law reports: _bCases determined by the court for crown cases reserved. _cEdited by: James Redfoord Bulwer. |
||
| 260 |
_aLondon: _bButterworth & Co Ltd., _c1872. |
||
| 300 |
_aVi, 179p.: _c24cm. |
||
| 440 | _pCrown Cases reserved. | ||
| 800 | _aBulwerJames Redfoord | ||
| 942 |
_2lcc _cBK |
||
| 999 |
_c4126 _d11626 |
||